|
|
|
|
| LEADER |
00000nab#a22000007a#4500 |
| 001 |
arbauad001977 |
| 003 |
AR-BaUAD |
| 005 |
20250711110458.0 |
| 008 |
930809|||||||||###||||||b###|0###a|spa|| |
| 040 |
|
|
|a AR-BaUAD
|c AR-BaUAD
|b spa
|
| 245 |
1 |
0 |
|a Mecánico y orgánico
|b Kansai, un nuevo aeropuerto para Osaka
|
| 300 |
0 |
|
|b il., fot., cortes, detalles
|
| 653 |
|
|
|a PIANO, RENZO
|
| 653 |
|
|
|a AEROPUERTOS
|
| 653 |
|
|
|a OSAKA
|
| 773 |
0 |
|
|t Arquitectura Viva
|g no. 29 [mar.-abr. 1993], p. 52-59
|
| 942 |
|
|
|c ARTI
|
| 952 |
|
|
|0 0
|1 0
|4 0
|7 0
|9 46897
|a AR-BAuAD
|b AR-BAuAD
|d 2025-07-11
|l 0
|p AAQA001977
|r 2025-07-11 11:04:58
|w 2025-07-11
|y ARTI
|
| 990 |
|
|
|a AQ199
|b TD
|
| 998 |
|
|
|a AAQ
|b BIBUN76
|
| 999 |
|
|
|c 26570
|d 26570
|